000 00426nam a2200169 a 4500
001 6660
003 CO-ViMGA
008 141112s2004 ck r 000 u spa d
040 _aCO-ViMGA
_bspa
_cCO-ViMGA
082 0 4 _aA864.44 B673h
100 1 _aBorges, Jorge Luis
_95551
245 1 0 _aHistoria de la eternidad
260 _aBuenos Aires :
_bEmece,
_c1995
300 _a196 p
650 1 4 _aENSAYOS ARGENTINOS
942 _2ddc
_cBK
999 _c18629
_d18629